ا عتر ا ف :ا د بی مضا مين / (Record no. 99603)

MARC details
000 -LEADER
fixed length control field 00715nam a22001937a 4500
005 - DATE AND TIME OF LATEST TRANSACTION
control field 20230216152640.0
010 ## - LCCN (DPL NO)
LC control number UR-9435
020 ## - INTERNATIONAL STANDARD BOOK NUMBER
Terms of availability 102.00
035 ## - SYSTEM CONTROL NUMBER
System control number U-7990
037 ## - SOURCE OF ACQUISITION
Source of stock number/acquisition DBAD/PUB
082 ## - DEWEY DECIMAL CLASSIFICATION NUMBER
Classification number 844.8
100 ## - MAIN ENTRY--PERSONAL NAME
Personal name نز ير فتح پو ر ی
245 ## - TITLE STATEMENT
Title ا عتر ا ف :ا د بی مضا مين /
Statement of responsibility, etc نز ير فتح پو ر ی
246 ## - VARYING FORM OF TITLE
Title proper/short title Aitraaf (Adabi Mazamin) /
Remainder of title by Nazeer Fateh Puri
260 ## - PUBLICATION, DISTRIBUTION, ETC. (IMPRINT)
Place of publication, distribution, etc پو نے
Name of publisher, distributor, etc ا سبا ق پبليکيشنز
Date of publication, distribution, etc 2012 ء
270 ## - ADDRESS
Address سا ير ہ منز ل 230/102،و ما ن رد ر شن، سنجے پا ر ک،لو ہ گا ؤ ن ر و ڈ
City پو نف
Postal code 32
Telephone number 09822516338
300 ## - PHYSICAL DESCRIPTION
Extent ص176
Dimensions 22cm(Hb)
942 ## - ADDED ENTRY ELEMENTS (KOHA)
Source of classification or shelving scheme Dewey Decimal Classification
Item type Urdu Bks
Classification part 844.8
Call number suffix ن ظ ی
Holdings
Withdrawn status Lost status Not for loan Collection code Home library Current library Date acquired Source of acquisition Cost, normal purchase price Full call number Barcode Copy number Cost, replacement price Koha item type
      Non-fiction Patel Nagar Patel Nagar 18/03/2016 DBAD/PUB 102.00 844.8 ن ظ ی U-7990 1 102.00 Urdu Bks

© Delhi Public Library
Hit Counter
free hit counter